000 01162nam a22003137a 4500
001 763
005 20230707094711.0
008 230706b cb ||||| |||| 00| 0 eng d
020 _a9781575423364 (pbk.)
020 _a1575423367 (pbk.)
040 _aDLC
_cDLC
_dQBX
_dIUL
_dGL9
_dEHH
_dABG
_dZAG
_dDLC
_beng
050 0 0 _aBF723.S43
_bC75 2010
082 0 0 _a306.875
_223
100 1 _aCrist, James J.
245 1 0 _aSiblings :
_byou're stuck with each other, so stick together /
_cby James J. Crist & Elizabeth Verdick ; illustrated by Steve Mark.
260 _aMinneapolis :
_bFree Spirit,
_c2010.
300 _a118 pages :
_bcolor illustrations ;
_c18 cm.
490 1 _aLaugh & learn
505 0 _aX
520 _aDescribes the relationship between siblings and the things they share, including parents, problems, and personal space.
521 1 _a890
_bLexile
521 8 _aX
_bRaz-Plus
650 0 _aBrothers and sisters
_vJuvenile literature.
650 0 _aFamilies
_vJuvenile literature.
700 1 _aVerdick, Elizabeth.
700 1 _aMark, Steve,
_eillustrator.
906 _a7
_bcbc
_corignew
_d1
_eecip
_f20
_gy-gencatlg
942 _2ddc
_cBK
_n0
999 _c763
_d763